| 000 | 00741nam a22001577a 4500 | ||
|---|---|---|---|
| 003 | OSt | ||
| 005 | 20150922134300.0 | ||
| 008 | 150922b xxu||||| |||| 00| 0 eng d | ||
| 040 | _cRUA | ||
| 082 | _aAGR HEN 2006 B034 Or.1 | ||
| 100 |
_91102 _aHEANG, SOKEA. |
||
| 245 | _aEffect of chemical and organic fertilizer on toamto at crop station in royal university of agriculture ឥទ្ធិពលជីសរិរាង្គ និងជីគីមីលើដំណាំប៉េងប៉ោះ នៅស្ថានីយ៏ពិសោធន៏ដំណាំនៃសាកលវិទ្យាល័យភូមិន្ទកសិកម្ម | ||
| 260 |
_aPhnom Penh _bRUA _c2006 |
||
| 300 |
_a41p. _bill. _c29cm. |
||
| 942 |
_2ddc _cAGR |
||
| 999 |
_c1055 _d1055 |
||